Statystyki dla Państwa półwyspu Iberyjskiego w historii z mapą

Kliknij tutaj aby rozwiązać quiz!

Ogólne statystyki

  • Ten quiz został rozwiązany 77 razy
  • Średni wynik to 8 z 31

Odpowiedzi na mapie

Odpowiedzi skodowane kolorowo w zielono-czerwonej skali na mapie do tego quizu, zgodnie z poniższymi procentami.
 

Statystyki odpowiedzi

roklataCountry% Poprawnych
Present1978–presentHiszpania
99%
Present1910–presentPortugalia
96%
Present1278–presentAndora
89%
14001278–presentAndora
89%
Present1958–presentFrancja
83%
Present1967–presentGibraltar (Wielka Brytania)
61%
14001139–1910Królestwo {Portugalii}
20%
1000929–1031Kalifat {Kordoby}
17%
1000931–1065Królestwo {Kastylii}
17%
750481–843Państwo Franków
17%
14001162–1716Koronia {Aragonii}
16%
14001230–1715Kastylia-León
13%
14001498–1792Królestwo {Francji}
13%
1000987–1498Królestwo {Francji}
13%
1400824–1841Królestwo {Nawarry}
13%
1000824–1841Królestwo {Nawarry}
13%
14001230–1492Emirat {Grenady}
12%
750661–750Kalifat {Umajjadów}
11%
1000801–1162Hrabstwo {Barcelony}
9%
1000910–1230Królestwo {Leónu}
9%
418418–721Królestwo {Wizygotów}
8%
750722–924Królestwo {Asturii}
7%
10027 BC–395Akwitania
5%
100120 BC–395Gallia {Narbonensis}
5%
10027 BC–395Luzytania
4%
10027 BC–395Hispania {Baetica}
3%
418409–585Królestwo {Swebów}
3%
418395–476Cesarstwo zachodniorzymskie
1%
10027 BC–395Hispania {Tarraconensis}
1%
1000872–1598Hrabstwo {Ribagorza}
1%
1400602–1453Księstwo {Gaskoniczne}
1%

Rozkład punktacji

Percentyl według liczby udzielonych odpowiedzi

Procent ludzi z każdym wynikiem

Twoja historia wyników

Nie rozwiązałeś tego quizu